000 00387nam a2200145Ia 4500
008 240624s9999 xx 000 0 und d
041 _aeng
082 _a658.4012 MIT
100 _aMITRA AMITAVA
245 _aFUNDAMENTALS OF QUALITY CONTROL AND IMPR
250 _a(2nd ed.)
260 _c2005
_aNew Delhi
_bPrentice-Hall of India
300 _axxvi, : 723 : p. : cm. ; 23
365 _cRS
999 _c4531
_d4531